ၽိုၼ်လိၵ်ႈၶူၼ်ႉၶႂႃႉပၢင်ၵုမ်ၶွၼ်ႇၾရႅၼ်ႉမူႇၸုမ်းတႆးလဵပ်ႈႁဵၼ်းပိုၼ်းပွၵ်ႈၵမ်း (4)။ (Record no. 23794)

000 -LEADER
fixed length control field 01039nam a22002057a 4500
003 - CONTROL NUMBER IDENTIFIER
control field OSt
005 - DATE AND TIME OF LATEST TRANSACTION
control field 20260127160035.0
008 - FIXED-LENGTH DATA ELEMENTS--GENERAL INFORMATION
fixed length control field 230408b ||||| |||| 00| 0 eng d
040 ## - CATALOGING SOURCE
Transcribing agency Ost
041 ## - LANGUAGE CODE
Language code of text/sound track or separate title shan
082 ## - DEWEY DECIMAL CLASSIFICATION NUMBER
Classification number 959.195919
245 ## - TITLE STATEMENT
Title ၽိုၼ်လိၵ်ႈၶူၼ်ႉၶႂႃႉပၢင်ၵုမ်ၶွၼ်ႇၾရႅၼ်ႉမူႇၸုမ်းတႆးလဵပ်ႈႁဵၼ်းပိုၼ်းပွၵ်ႈၵမ်း (4)။
Statement of responsibility, etc. ၸုမ်းၽၢႆႇလိၵ်ႈလၢႆးပၢင်ၵုမ်ၶွၼ်ႇၾရႅၼ်ႉလိၵ်ႈလူင်ပွၵ်ႈၵမ်း(6)
260 ## - PUBLICATION, DISTRIBUTION, ETC.
Place of publication, distribution, etc. ဝဵင်းလိူဝ်ႇ
Name of publisher, distributor, etc. တႆးၵမ်ႇပေႃးၸ
Date of publication, distribution, etc. 2018
300 ## - PHYSICAL DESCRIPTION
Extent xiv၊ 330 ၼႃႈ
Other physical details ပႃးႁၢင်ႈ၊ လွၵ်း
Dimensions 21 ၸိၼ်ႇထီႇ
500 ## - GENERAL NOTE
General note S-SAT: Dr. Prof Sai Aung Tun
650 ## - SUBJECT ADDED ENTRY--TOPICAL TERM
Topical term or geographic name entry element ပိုၼ်းတႆး-ၶွၼ်ႇၾရႅၼ်ႉ
9 (RLIN) 22752
942 ## - ADDED ENTRY ELEMENTS (KOHA)
Koha item type Book (Short term)
Source of classification or shelving scheme
Source of classification or shelving scheme
Source of classification or shelving scheme
Holdings
Withdrawn status Lost status Source of classification or shelving scheme Damaged status Not for loan Collection code Permanent Location Current Location Shelving location Date acquired Total Checkouts Full call number Barcode Date last seen Date last checked out Copy number Price effective from Koha item type Accession
          Tai Collection Shan State Buddhist University Library Shan State Buddhist University Library Tai Shelves 08/04/2023 1 959.195919 ၽိုၼ် ႑႑႗႔(1) SH00001174 15/01/2024 03/01/2024 1 08/04/2023 Books (Long term) ႑႑႗႔(1)
          Tai Collection Shan State Buddhist University Library Shan State Buddhist University Library Tai Shelves 08/04/2023 2 959.195919 ၽိုၼ် ႑႑႗႕(2) SH00001175 19/10/2024 14/10/2024 2 08/04/2023 Books (Long term) ႑႑႗႕(2)
          Tai Collection Shan State Buddhist University Library Shan State Buddhist University Library Tai Shelves 08/04/2023 3 959.195919 ၽိုၼ် ႑႑႗႖(3) SH00001176 29/01/2026 03/01/2026 3 08/04/2023 Books (Long term) ႑႑႗႖(3)
          Special Collections Shan State Buddhist University Library Shan State Buddhist University Library Special Collection Shelves 08/04/2023 1 959.195919 ၽိုၼ် ႒႕႑႒(1) S-SAT SH00002512 05/12/2025 05/12/2025 4 08/04/2023 Book (Short term) ႒႕႑႒(1) S-SAT
          Special Collections Shan State Buddhist University Library Shan State Buddhist University Library Special Collection Shelves 08/04/2023 2 959.195919 ၽိုၼ် ႒႕႑႓(2) S-SAT SH00002513 27/06/2024 22/06/2024 5 08/04/2023 Book (Short term) ႒႕႑႓(2) S-SAT

Library - 09407999929
Admin Office - 09407999979
Dean Office - 09250910768
Registrar Office - 09892297154
Email - [email protected]
Shan State Buddhist University, Phaya Phyu Taunggyi, Shan State, Myanmar.